| 000 | 00843nam a22002777a 4500 | ||
|---|---|---|---|
| 003 | CHAP | ||
| 005 | 20220329134743.0 | ||
| 008 | 971013s1976 r 00010 d | ||
| 010 | _a25313 | ||
| 011 | _a26285 | ||
| 035 | _a30385 | ||
| 040 | _cCHAP | ||
| 090 | _aFolleto 6176 | ||
| 110 |
_aInstituto Linguístico de Verano, A. C. _959246 |
||
| 245 |
_aCalendario de siembras para tierra fría _b: zona tzeltal |
||
| 260 |
_aMéxico, D.F. : _bInstituto Linguístico de Verano, A.C., _c1976 |
||
| 300 | _as.p. | ||
| 500 | _aHoja desplegable | ||
| 590 |
_aBATCH-UPD _b10 _c20130110 _lUCH01 _h1144 |
||
| 590 |
_aCONVERSION _b10 _c20130109 _lUCH01 _h1315 |
||
| 650 | 1 | 4 |
_aAgricultura _xCalendarios. _91344 |
| 650 | 1 | 4 |
_aAgricultura _xChiapas. _91355 |
| 901 | _aBK | ||
| 942 | _cFOLL | ||
| 949 |
_aFolleto 6176 _bBC _cFOLL _d-70527 _eTS1 _i30385 _mD _si |
||
| 999 |
_c25313 _d25313 |
||